000 00789nam a22002417i 4500
003 URS
005 20260219224539.0
008 180523b xxu||||| |||| 00| 0 eng d
020 _a9789710508228 (pbk.)
040 _erda
_cURS
_bEnglish
050 _aQD31.2
_b.M427 2010
100 _aMatito, Emellie Yumol,
_eauthor.
245 _aChemistry (worktext) /
_cEmellie Yumol Matito and Carmelita Nicdao Ocampo.
264 _aTinajeros, Malabon City :
_bJimczyville Publications,
_c©2010.
300 _aiv, 242 pages ;
_c23 cm.
336 _atext
_btxt
_2rdacontent
337 _aunmediated
_bn
_2rdamedia
338 _avolume
_bnc
_2rdacarrier
504 _aIncludes bibliographical references.
650 _aChemistry.
700 _aOcampo, Carmelita Nicdao,
_eauthor.
942 _2lcc
_cF
999 _c10334
_d10334